|
|
|
|
| LEADER |
00000nam0a2200000 4500 |
| 001 |
341896 |
| 005 |
20231102005409.0 |
| 010 |
|
|
|a 9785971049760
|
| 035 |
|
|
|a (RuTPU)RU\TPU\book\370209
|
| 090 |
|
|
|a 341896
|
| 100 |
|
|
|a 20181031d2018 m y0rusy50 ca
|
| 101 |
0 |
|
|a rus
|
| 102 |
|
|
|a RU
|
| 105 |
|
|
|a a j 001zy
|
| 200 |
1 |
|
|a Биология клетки. Физико-химические, структурно-функциональные и информационные основы
|e учебное пособие
|f Г. Ф. Жегунов [и др.]
|
| 210 |
|
|
|a Москва
|c URSS
|c ЛЕНАНД
|d 2018
|
| 215 |
|
|
|a 542 с.
|c ил.
|
| 320 |
|
|
|a Библиогр.: с. 537-539
|
| 330 |
|
|
|a В учебнике представлены материалы дисциплины "Биология клетки". Приведены современные сведения о природе жизни и принципах организации клетки как структурно-функциональной единицы живого. Рассмотрены вопросы происхождения клеток и симбиотических органелл. Подробно рассмотрены физико-химические и биологические свойства клеток, а также клеточные процессы и их механизмы. Особое внимание в отдельных больших главах уделяется описанию строения и функций прокариотических и эукариотических клеток. Отмечены особенности организации генома, цитоплазмы и метаболизма разнообразных клеток. Описаны поверхностный аппарат и мембраны клеток, а также механизмы транспорта веществ. Подробно рассмотрены ядро, генетический материал, клеточный цикл и цитологические основы размножения. Показана определяющая роль генома и генетической информации в жизни клеток. Клетка рассматривается как прототип жизни, как единица строения и функций всего множества организмов. Отмечается, что это микроскопическое полуавтономное живое тело, представляющее собой сложноорганизованную биологическую систему, способную под управлением генетической информации к целевому преобразованию и использованию материи и энергии, созданию и поддержанию упорядоченности, а также непрерывному размножению. Подчеркивается, что внутреннее содержимое клеток настолько дискретно и динамично, что их можно считать не столько телами, сколько непрерывными процессами. Постоянно протекающие векторные биохимические, биофизические и физиологические процессы, направленные против внутренних и внешних сил диссипации, являются основой жизненной силы. Они не только временно компенсируют и уравновешивают возмущающие силы природы, но и выполняют полезную работу, обуславливают функции, а также обеспечивают воссоздание живых тел.
|
| 606 |
1 |
|
|a Цитология
|2 stltpush
|3 (RuTPU)RU\TPU\subj\71094
|9 85151
|
| 610 |
1 |
|
|a учебные пособия
|
| 610 |
1 |
|
|a живые клетки
|
| 610 |
1 |
|
|a биология
|
| 610 |
1 |
|
|a клеточная биология
|
| 610 |
1 |
|
|a жизнь
|
| 610 |
1 |
|
|a организмы
|
| 610 |
1 |
|
|a молекулярные основы
|
| 610 |
1 |
|
|a прокариотические клетки
|
| 610 |
1 |
|
|a эукариотические клетки
|
| 610 |
1 |
|
|a клетки эукариот
|
| 610 |
1 |
|
|a репродукция
|
| 610 |
1 |
|
|a многоклеточные организмы
|
| 610 |
1 |
|
|a клеточные процессы
|
| 610 |
1 |
|
|a генетический контроль
|
| 675 |
|
|
|a 576.3(075.8)
|v 4
|
| 701 |
|
1 |
|a Жегунов
|b Г. Ф.
|g Геннадий Федорович
|
| 701 |
|
1 |
|a Леонтьев
|b Д. В.
|g Дмитрий Викторович
|
| 701 |
|
1 |
|a Щербак
|b Е. В.
|g Елена Валентиновна
|
| 701 |
|
1 |
|a Погожих
|b Е. Г.
|g Елена Геннадиевна
|
| 801 |
|
1 |
|a RU
|b 63413507
|c 20181031
|
| 801 |
|
2 |
|a RU
|b 63413507
|c 20200127
|g RCR
|
| 942 |
|
|
|c BK
|
| 959 |
|
|
|a 3/20180221
|d 1
|e 899,00
|f ЧЗТЛ:1
|